Karl Rahner sacerdote y poeta
Na minha lista:
| Autor principal: | |
|---|---|
| Formato: | Livro |
| Idioma: | espanhol |
| Publicado em: |
Valparaíso
Universidad Católica de Valparaíso
1995
|
| Assuntos: | |
| Tags: |
Adicionar Tag
Sem tags, seja o primeiro a adicionar uma tag!
|
MARC
| LEADER | 00000nam a2200000 a 4500 | ||
|---|---|---|---|
| 001 | UCZ8378 | ||
| 003 | CL-VaPUC | ||
| 008 | 960119e19950000CL |||||||||||||||||spa|d | ||
| 082 | 0 | 4 | |a 831.09 |b MOO |2 21 |
| 100 | |a Moore I., Patricio |e autor |9 353657 | ||
| 245 | 1 | 0 | |a Karl Rahner sacerdote y poeta |
| 300 | |a 37 p | ||
| 942 | |c BK | ||
| 945 | |d 19960119 00:00:00 |a mcarcey | ||
| 260 | |a Valparaíso |b Universidad Católica de Valparaíso |c 1995 | ||
| 600 | 0 | 7 | |a RAHNER, KARL |2 CL-VaPUC |9 314306 |
| 650 | 7 | |a POESIA ALEMANA |2 CL-VaPUC |9 353658 | |
| 650 | 0 | |a Crítica e interpretación |9 255042 | |
| 583 | |a last modification |c 19960119 00:00:00 |k Rodrigo Vera | ||
| 999 | |c 244299 |d 244297 | ||
| 952 | |0 0 |1 0 |4 0 |6 831_090000000000000_MOO_1995 |7 0 |8 A |9 258307 |a BIBARQ |b BIBARQ |d 2019-11-19 |i 3166325 |o 831.09 MOO 1995 |p 3166325 |r 2025-01-20 |w 2019-11-19 |y BK |k ARQ | ||